00806nam a22002057a 450000500170000000800410001702000210005804000290007905000220010810000520013024500270018225000120020926000330022130000250025465000290027994200150030895201300032395201300045399900170058320230315160318.0230315b |||||||| |||| 00| 0 eng d a978-0-0-016459-8 cChuka university library aQE 28.3bP76 2010 aProthero Dornald R. Dott Robert H .Jr.98839 aEolution of the earth/ a8th ed. aNew YorkbMc Graw Hillc2010 a518pbincludes index aHistorical geology98840 2lcccBKn0 00102lcc40708LGLaCHKbCHKcGENd2023-03-15l0oSLB QE 28.3 .P76 2010p10260/2013r2023-03-15 00:00:00t1w2023-03-15yBK 00102lcc40708LGLaCHKbCHKcGENd2023-03-15l0oSLB QE 28.3 .P76 2010p10261/2013r2023-03-15 00:00:00t2w2023-03-15yBK c13870d13870